Archaeological theory : (Record no. 702)

MARC details
000 -LEADER
fixed length control field 01405nam a22002177a 4500
005 - DATE AND TIME OF LATEST TRANSACTION
control field 20240229075708.0
020 ## - INTERNATIONAL STANDARD BOOK NUMBER
International Standard Book Number 0631202951 (acidfree paper)
020 ## - INTERNATIONAL STANDARD BOOK NUMBER
International Standard Book Number 063120296X (pbk. : acidfree paper)
040 ## - CATALOGING SOURCE
Original cataloging agency DLC
Transcribing agency DLC
Modifying agency DLC
Language of cataloging eng
050 00 - LIBRARY OF CONGRESS CALL NUMBER
Classification number CC72
Item number .J65 1999
082 00 - DEWEY DECIMAL CLASSIFICATION NUMBER
Classification number 930.1/01
Edition number 21
100 1# - MAIN ENTRY--PERSONAL NAME
Personal name Johnson, Matthew
Dates associated with a name 1962-
245 10 - TITLE STATEMENT
Title Archaeological theory :
Remainder of title an introduction /
Statement of responsibility, etc. Matthew Johnson.
260 ## - PUBLICATION, DISTRIBUTION, ETC.
Place of publication, distribution, etc. Oxford, UK ;
-- Malden, Mass. :
Name of publisher, distributor, etc. Blackwell Publishers,
Date of publication, distribution, etc. 1999.
300 ## - PHYSICAL DESCRIPTION
Extent 239 pages :
Other physical details illustrations,
Dimensions 24 cm.
520 ## - SUMMARY, ETC.
Summary, etc. Archaeological Theory, 2nd Edition is the most current and comprehensive introduction to the field available. Thoroughly revised and updated, this engaging text offers students an ideal entry point to the major concepts and ongoing debates in archaeological research. New edition of a popular introductory text that explores the increasing diversity of approaches to archaeological theory Features more extended coverage of 'traditional' or culture-historical archaeology Examines theory across the English-speaking world and beyond Offers greatly expanded coverage of evolutionary theory, divided into sociocultural and Darwinist approaches Includes an expanded glossary, bibliography, and useful suggestions for further readings
650 #0 - SUBJECT ADDED ENTRY--TOPICAL TERM
Topical term or geographic name entry element Archaeology
General subdivision Philosophy.
906 ## - LOCAL DATA ELEMENT F, LDF (RLIN)
a 7
b cbc
c orignew
d 1
e ocip
f 19
g y-gencatlg
942 ## - ADDED ENTRY ELEMENTS (KOHA)
Source of classification or shelving scheme Dewey Decimal Classification
Koha item type Books
Suppress in OPAC No
999 ## -
-- 702
-- 702
Holdings
Withdrawn status Lost status Source of classification or shelving scheme Damaged status Not for loan Collection Home library Current library Shelving location Date acquired Total Checkouts Full call number Barcode Date last seen Price effective from Koha item type
    Dewey Decimal Classification     Non-Fiction Footprints International School Library Network Toul Kork Campus Footprints International School Library Network Toul Kork Campus   02/29/2024   JOH 930.1 CC72.J65 FISSE03103 06/30/2023 02/29/2024 Books